Βολτέρος : ο Βολτέρος και ο Διαφωτισμός
Αποθηκεύτηκε σε:
| Κύριος συγγραφέας: | |
|---|---|
| Μορφή: | Βιβλίο |
| Γλώσσα: | Greek English |
| Δημοσίευση: |
Αθήνα :
Ενάλιος,
c2004.
|
| Σειρά: | Μεγάλοι φιλόσοφοι
|
| Θέματα: | |
| Ετικέτες: |
Προσθήκη ετικέτας
Δεν υπάρχουν, Καταχωρήστε ετικέτα πρώτοι!
|
MARC
| LEADER | 00000nam a2200000 a 4500 | ||
|---|---|---|---|
| 001 | 1/126927 | ||
| 008 | 230627s2004####gr | ||| |||| ||gre|| | ||
| 020 | |a 9605361868 | ||
| 040 | |a GR-MyUa |b gre |c GR-MyUa |e AACR2 | ||
| 041 | 1 | |a gre |h eng | |
| 082 | 7 | |a 194 |2 (23) | |
| 100 | 1 | |a Gray, John, |d 1948- | |
| 245 | 1 | 0 | |a Βολτέρος : |b ο Βολτέρος και ο Διαφωτισμός / |c John Gray ; μετάφραση: Ειρήνη Ραζή. |
| 260 | |a Αθήνα : |b Ενάλιος, |c c2004. | ||
| 300 | |a 88 σ. ; |c 17 εκ. | ||
| 490 | 1 | |a (Μεγάλοι φιλόσοφοι) | |
| 500 | |a Τίτλος πρωτοτύπου: Voltaire. | ||
| 504 | |a Περιλαμβάνει βιβλιογραφικές παραπομπές (σ. [87]-88). | ||
| 600 | 1 | 0 | |a Voltaire, |d 1694-1778. |
| 830 | 0 | |a Μεγάλοι φιλόσοφοι | |
| 852 | |a INST |b SYROS |e 20230621 |h 194 GRA |p 005500016005 |q 005500016005 |t BK |y 0 | ||
| 970 | |a Κοντού |b Παρασκευή |z 27/06/2023 | ||